<?xml version="1.0" encoding="UTF-8"?>
<record
    xmlns:xsi="http://www.w3.org/2001/XMLSchema-instance"
    xsi:schemaLocation="http://www.loc.gov/MARC21/slim http://www.loc.gov/standards/marcxml/schema/MARC21slim.xsd"
    xmlns="http://www.loc.gov/MARC21/slim">

  <leader>00771nas a2200217 i 4500</leader>
  <controlfield tag="001">178451</controlfield>
  <controlfield tag="003">ES-MaACL</controlfield>
  <controlfield tag="005">20250217134859.0</controlfield>
  <controlfield tag="008">110530d1887    po a|         |    ||or d</controlfield>
  <datafield tag="245" ind1="0" ind2="0">
    <subfield code="a">Movimento da popula&#xE7;&#xE2;o : </subfield>
    <subfield code="b">estado civil, emigra&#xE7;ao : estatistica especial.</subfield>
  </datafield>
  <datafield tag="260" ind1=" " ind2=" ">
    <subfield code="a">Lisboa : </subfield>
    <subfield code="b">Ministerio das Obras Publicas, Commercio &#xE9; Industria. Direc&#xE7;ao geral do Commercio e Industria, </subfield>
    <subfield code="c">1887-</subfield>
  </datafield>
  <datafield tag="300" ind1=" " ind2=" ">
    <subfield code="a">2 v.(198 ; 193 p.) ; </subfield>
    <subfield code="c">27 cm.</subfield>
  </datafield>
  <datafield tag="310" ind1=" " ind2=" ">
    <subfield code="a">Anual</subfield>
  </datafield>
  <datafield tag="362" ind1="0" ind2=" ">
    <subfield code="a">A.1 (1887)-</subfield>
  </datafield>
  <datafield tag="651" ind1=" " ind2="4">
    <subfield code="a">Portugal-</subfield>
    <subfield code="x">Poblaci&#xF3;n.</subfield>
    <subfield code="9">173546</subfield>
  </datafield>
  <datafield tag="651" ind1=" " ind2="4">
    <subfield code="a">Portugal-</subfield>
    <subfield code="x">Situaci&#xF3;n social.</subfield>
    <subfield code="9">171773</subfield>
  </datafield>
  <datafield tag="710" ind1="0" ind2=" ">
    <subfield code="a">Portugal. </subfield>
    <subfield code="b">Direc&#xE7;&#xE3;o Geral do Com&#xE9;rcio e Industria.</subfield>
    <subfield code="9">6243</subfield>
  </datafield>
  <datafield tag="852" ind1=" " ind2=" ">
    <subfield code="a">ES-MaACL</subfield>
    <subfield code="j">Hem-36</subfield>
  </datafield>
  <datafield tag="866" ind1=" " ind2="0">
    <subfield code="o">1887, 1890.</subfield>
  </datafield>
  <datafield tag="999" ind1=" " ind2=" ">
    <subfield code="c">178451</subfield>
    <subfield code="d">178451</subfield>
  </datafield>
  <datafield tag="952" ind1=" " ind2=" ">
    <subfield code="0">0</subfield>
    <subfield code="1">0</subfield>
    <subfield code="4">0</subfield>
    <subfield code="7">0</subfield>
    <subfield code="8">Hemeroteca</subfield>
    <subfield code="a">ATENEOM</subfield>
    <subfield code="b">ATENEOM</subfield>
    <subfield code="c">DEPO1</subfield>
    <subfield code="d">2011-05-30</subfield>
    <subfield code="e">SC</subfield>
    <subfield code="l">0</subfield>
    <subfield code="o">Hem-36</subfield>
    <subfield code="p">1187452</subfield>
    <subfield code="r">2023-02-23 00:00:00</subfield>
    <subfield code="w">2023-02-23</subfield>
    <subfield code="y">PERIODICA</subfield>
  </datafield>
</record>
